Countries Closest to Ethiopia - Without Map - Statistics

General Stats
  • This quiz has been taken 3,736 times
  • The average score is 18 of 20
Answer Stats
km country miles % Correct
0 Sudan 0
99%
0 Somalia 0
98%
0 South Sudan 0
98%
0 Djibouti 0
97%
897 Egypt 558
97%
0 Eritrea 0
97%
0 Kenya 0
97%
526 D.R. Congo 327
95%
674 Tanzania 419
94%
1160 Chad 721
93%
872 Rwanda 542
93%
268 Saudi Arabia 167
93%
109 Yemen 68
93%
1111 Oman 690
92%
193 Uganda 120
92%
688 Central African Republic 427
90%
1385 Libya 861
90%
977 Burundi 607
87%
1526 Zambia 948
67%
1539 Seychelles 957
64%
No matching quizzes found
Score Distribution
Percent of People with Each Score
Percentile by Number Answered
Your Score History
You have not taken this quiz